Agrarian social structure: a case study of some villages ofCooch Behar West Bengal (Record no. 10476)
[ view plain ]
| 000 -LEADER | |
|---|---|
| fixed length control field | 00724nam a2200193Ia 4500 |
| 082 ## - DEWEY DECIMAL CLASSIFICATION NUMBER | |
| Classification number | TS.0916 |
| 100 ## - MAIN ENTRY--AUTHOR NAME | |
| Personal name | Som, Bijaybihari |
| 245 #0 - TITLE STATEMENT | |
| Title | Agrarian social structure: a case study of some villages ofCooch Behar West Bengal |
| 260 ## - PUBLICATION, DISTRIBUTION, ETC. (IMPRINT) | |
| Year of publication | 2001 |
| Name of publisher | North Bengal University |
| 300 ## - PHYSICAL DESCRIPTION | |
| Number of Pages | 192p. |
| 650 ## - SUBJECT ADDED ENTRY--TOPICAL TERM | |
| Topical Term | Caste - Cooch Behar District (West bengal) |
| 650 ## - SUBJECT ADDED ENTRY--TOPICAL TERM | |
| Topical Term | Cooch Behar District (West bengal) - Social conditions |
| 650 ## - SUBJECT ADDED ENTRY--TOPICAL TERM | |
| Topical Term | Agriculture - Social aspects - Cooch Behar District (West bengal) |
| 650 ## - SUBJECT ADDED ENTRY--TOPICAL TERM | |
| Topical Term | Land - Cooch Behar District (West bengal) |
| 650 ## - SUBJECT ADDED ENTRY--TOPICAL TERM | |
| Topical Term | Cooch Behar District (West bengal) - Rural conditions |
| 650 ## - SUBJECT ADDED ENTRY--TOPICAL TERM | |
| Topical Term | Cooch Behar District (West bengal) |
| 710 ## - ADDED ENTRY--CORPORATE NAME | |
| Corporate name or jurisdiction name as entry element | Bhadra, R. K. |
| 942 ## - ADDED ENTRY ELEMENTS (KOHA) | |
| Koha item type | Thesis |
| Source of classification or shelving scheme | Dewey Decimal Classification |
| Withdrawn status | Lost status | Damaged status | Not for loan | Home library | Current library | Date acquired | Bill Date | Full call number | Accession Number | Price effective from | Koha item type |
|---|---|---|---|---|---|---|---|---|---|---|---|
| NASSDOC Library | NASSDOC Library | 08/10/2004 | 2004-10-05 | TS.0916 | 38884 | 18/04/2019 | Thesis |
